|
|
|
|
| LEADER |
00000naa a2200000uu 4500 |
| 001 |
vtls010960890 |
| 003 |
SK-MaSNL |
| 005 |
20260302120942.0 |
| 008 |
210906|1997 xo |||||||||||||||||slo| |
| 015 |
|
|
|a SNBRA
|
| 035 |
|
|
|a (urnnbn)urn:nbn:sk:snk:ar-a0brov
|
| 035 |
|
|
|a (uuid)ea1797f7-54dc-407a-9b72-8df53d724ede
|
| 035 |
|
|
|a urn:nbn:sk:snk-aaujcu
|
| 040 |
|
|
|a SNKBUCL
|b slo
|c SNKBUCL
|e AACR2
|
| 041 |
0 |
|
|a slo
|
| 044 |
|
|
|a xo
|c SK
|
| 100 |
1 |
|
|a Novek, Zoltán
|4 aut
|9 786927
|
| 245 |
1 |
0 |
|a Diagnostikácia spotreby predmetu práce magnezitovej firmy
|c Zoltán Novek
|
| 246 |
3 |
|
|a Diagnostication of the working subject consumption of the magnezite firm
|
| 773 |
0 |
|
|t Riadenie procesov získavania a spracovania surovín. Sekcia č. 6
|d Košice : Štroffek, 1997
|g S. 112-115
|z 8088896088
|
| 958 |
|
|
|a OND
|
| 958 |
|
|
|a article11
|
| 958 |
|
|
|a chapter
|
| 999 |
|
|
|c 1272021
|d 1273951
|